[Event "4NCL/Div1/BAR1 vs. GUI2"]
[Site "Sunningdale ENG"]
[Date "2008.05.05"]
[Round "11.2"]
[White "Pert, Nicholas"]
[Black "Devereaux, Maxim"]
[Result "1-0"]
[WhiteElo "2545"]
[BlackElo "2412"]
[PlyCount "55"]
[EventDate "2008.05.05"]
[EventCountry "ENG"]
[SourceDate "2007.09.15"]

1. d4 Nf6 2. Nf3 e6 3. c4 b6 4. Nc3 Bb4 5. Bg5 Bb7 6. Nd2 h6 7. Bh4 Nc6 8. e3
Ne7 9. Bxf6 gxf6 10. Qb3 c5 11. d5 Qb8 12. O-O-O Qe5 13. Nde4 Bxc3 14. Nxc3
exd5 15. cxd5 Nf5 16. g3 Nd6 17. e4 O-O 18. f4 Qe7 19. Bd3 c4 20. Bxc4 Rac8 21.
Bd3 Nxe4 22. Bxe4 Qxe4 23. Rhe1 Qf3 24. Kb1 f5 25. Qc2 Bxd5 26. Rd3 Rfe8 27.
Rxe8+ Rxe8 28. Rxd5 1-0

[Event "4NCL/Div1/BAR1 vs. GUI2"]
[Site "Sunningdale ENG"]
[Date "2008.05.05"]
[Round "11.5"]
[White "Collins, Sam"]
[Black "Cherniaev, Alexander"]
[Result "0-1"]
[WhiteElo "2421"]
[BlackElo "2449"]
[PlyCount "62"]
[EventDate "2008.05.05"]
[EventCountry "ENG"]
[SourceDate "2007.09.15"]

1. d4 f5 2. c4 Nf6 3. g3 g6 4. Bg2 Bg7 5. Nf3 O-O 6. Nc3 d6 7. O-O Na6 8. Rb1
c6 9. b4 Nc7 10. a4 Ne4 11. Nxe4 fxe4 12. Ng5 d5 13. cxd5 cxd5 14. h4 Bf5 15.
Be3 h6 16. Nh3 Qd7 17. Kh2 Ne8 18. Rc1 Nd6 19. Qb3 Nc4 20. Nf4 Nxe3 21. fxe3 e6
22. Bh3 g5 23. Bxf5 gxf4 24. Bg4 fxg3+ 25. Kxg3 Bf6 26. Kh3 h5 27. Bxh5 Qh7 28.
Rxf6 Rxf6 29. Bg4 Rh6 30. Kg3 Kh8 31. Rh1 Rg8 0-1

[Event "4NCL/Div1/BAR1 vs. GUI2"]
[Site "Sunningdale ENG"]
[Date "2008.05.05"]
[Round "11.6"]
[White "Tissir, Mohamed"]
[Black "D'Costa, Lorin A R"]
[Result "1/2-1/2"]
[WhiteElo "2444"]
[BlackElo "2410"]
[PlyCount "25"]
[EventDate "2008.05.05"]
[EventCountry "ENG"]
[SourceDate "2007.09.15"]

1. e4 c5 2. Nf3 e6 3. d4 cxd4 4. Nxd4 a6 5. Bd3 Bc5 6. Nb3 Ba7 7. Qe2 d6 8. Be3
Nc6 9. N1d2 Nge7 10. c3 O-O 11. Rd1 e5 12. Bxa7 Rxa7 13. Nc4 1/2-1/2

[Event "4NCL/Div1/BAR1 vs. GUI2"]
[Site "Sunningdale ENG"]
[Date "2008.05.05"]
[Round "11.7"]
[White "Knott, Simon"]
[Black "Buckley, Graeme"]
[Result "1-0"]
[WhiteElo "2356"]
[BlackElo "2390"]
[PlyCount "75"]
[EventDate "2008.05.05"]
[EventCountry "ENG"]
[SourceDate "2007.09.15"]

1. Nf3 Nf6 2. c4 c5 3. Nc3 b6 4. g3 Bb7 5. Bg2 e6 6. O-O d6 7. Re1 a6 8. e4
Nbd7 9. d4 cxd4 10. Nxd4 Qc7 11. Nd5 exd5 12. exd5+ Ne5 13. f4 O-O-O 14. fxe5
dxe5 15. Nf5 h5 16. Qe2 g6 17. Bg5 Ng4 18. Ne3 Nxe3 19. Bxe3 h4 20. Qf2 hxg3
21. hxg3 Bc5 22. Bxc5 bxc5 23. b4 cxb4 24. Reb1 e4 25. Rxb4 e3 26. Qxe3 Rde8
27. Qf2 Re2 28. Qxe2 Qc5+ 29. Qf2 Qxb4 30. c5 Qc3 31. Rd1 Rd8 32. Qd4 Qc2 33.
Rd2 Qf5 34. d6 Bxg2 35. Kxg2 Qd7 36. Qd5 Qb5 37. Qa8+ Kd7 38. Qa7+ 1-0

[Event "4NCL/Div1/NWE1 vs. BAR2"]
[Site "Sunningdale ENG"]
[Date "2008.05.05"]
[Round "11.1"]
[White "Morrison, Graham"]
[Black "Twyble, Michael S"]
[Result "1/2-1/2"]
[WhiteElo "2332"]
[BlackElo "2271"]
[PlyCount "63"]
[EventDate "2008.05.05"]
[EventCountry "ENG"]
[SourceDate "2007.09.15"]

1. d4 d5 2. c4 dxc4 3. Nf3 Nf6 4. e3 e6 5. Bxc4 c5 6. O-O a6 7. a4 Nc6 8. Qe2
cxd4 9. Rd1 Be7 10. exd4 O-O 11. Nc3 Nd5 12. Qe4 Nf6 13. Qe2 Nd5 14. Bd3 Re8
15. h4 b6 16. Bb1 Bb7 17. Nxd5 Qxd5 18. Be4 Qd7 19. Bg5 Rad8 20. Rac1 Bxg5 21.
hxg5 Nb4 22. Ne5 Qe7 23. Bxh7+ Kxh7 24. Qh5+ Kg8 25. Rc3 g6 26. Qh4 Qf8 27. Ng4
Nd5 28. Rh3 Qg7 29. Rdd3 Kf8 30. Nf6 Ke7 31. Nxe8 Rxe8 32. Qg3 1/2-1/2

[Event "4NCL/Div1/NWE1 vs. BAR2"]
[Site "Sunningdale ENG"]
[Date "2008.05.05"]
[Round "11.2"]
[White "Berry, Neil"]
[Black "Carleton, John J"]
[Result "1-0"]
[WhiteElo "2316"]
[BlackElo "2313"]
[PlyCount "53"]
[EventDate "2008.05.05"]
[EventCountry "ENG"]
[SourceDate "2007.09.15"]

1. d4 Nf6 2. c4 e6 3. Nc3 Bb4 4. Qc2 Nc6 5. Nf3 d6 6. Bg5 h6 7. Bd2 O-O 8. a3
Bxc3 9. Bxc3 Qe7 10. e4 e5 11. d5 Nb8 12. Be2 Nbd7 13. b4 Nh7 14. O-O Ndf6 15.
Nd2 Ne8 16. f4 exf4 17. Rxf4 f5 18. Bd3 Nef6 19. Re1 Ng4 20. Nf3 Ng5 21. exf5
Nxf3+ 22. Rxf3 Qh4 23. g3 Qh5 24. Rf4 Bd7 25. Re7 Ne5 26. Bxe5 dxe5 27. Rh4 1-0

[Event "4NCL/Div1/NWE1 vs. BAR2"]
[Site "Sunningdale ENG"]
[Date "2008.05.05"]
[Round "11.3"]
[White "Hague, Ben"]
[Black "Lewis, Andrew P"]
[Result "1-0"]
[WhiteElo "2259"]
[BlackElo "2282"]
[PlyCount "103"]
[EventDate "2008.05.05"]
[EventCountry "ENG"]
[SourceDate "2007.09.15"]

1. e4 c5 2. a3 Nf6 3. e5 Nd5 4. d4 cxd4 5. Qxd4 e6 6. Bc4 Nc6 7. Qe4 Nb6 8. Ba2
f5 9. Qe2 Na4 10. Nf3 a6 11. b3 Nc5 12. Nc3 b5 13. b4 Nb7 14. O-O Qc7 15. Bb2
Nbd8 16. Nd1 Nf7 17. c4 Be7 18. cxb5 axb5 19. Nc3 Ba6 20. Nxb5 Qb6 21. Bc4 O-O
22. Rfd1 Rfb8 23. Nd6 Bxd6 24. exd6 Na5 25. Bxa6 Qxa6 26. Qe1 Nc4 27. Bc3 Qb5
28. Nd4 Qb6 29. a4 Ncxd6 30. b5 Ne4 31. a5 Qc7 32. Bb4 Qf4 33. f3 Nf6 34. b6
Nd5 35. Bc5 Ne5 36. Nb5 Nxf3+ 37. gxf3 Qc4 38. Bd6 Qxb5 39. Bxb8 Rxb8 40. Qe5
Ra8 41. Rab1 Qc5+ 42. Kh1 Qa3 43. b7 Qxf3+ 44. Kg1 Rf8 45. b8=Q f4 46. Rxd5
Qg4+ 47. Kf2 Qh4+ 48. Kf1 Qh3+ 49. Ke1 Qh4+ 50. Kd1 Qg4+ 51. Kc1 Qg1+ 52. Rd1
1-0

[Event "4NCL/Div1/NWE1 vs. BAR2"]
[Site "Sunningdale ENG"]
[Date "2008.05.05"]
[Round "11.4"]
[White "Rogers, Jonathan W"]
[Black "Lyell, Mark"]
[Result "1-0"]
[WhiteElo "2337"]
[BlackElo "2237"]
[PlyCount "119"]
[EventDate "2008.05.05"]
[EventCountry "ENG"]
[SourceDate "2007.09.15"]

1. d4 d5 2. Nf3 Nc6 3. g3 Bf5 4. Bg2 e6 5. O-O Nb4 6. Ne1 Nf6 7. c4 Be7 8. Nc3
O-O 9. Bg5 h6 10. Bxf6 Bxf6 11. cxd5 exd5 12. Qb3 Qd6 13. a3 Na6 14. Qxd5 Qxd5
15. Nxd5 Bd8 16. e4 Bd7 17. Nd3 c6 18. Ne5 Be8 19. Nc3 f6 20. Nc4 Bc7 21. Rfd1
Bf7 22. d5 Rac8 23. Ne3 Be5 24. Bh3 Rcd8 25. dxc6 bxc6 26. Nf5 Rb8 27. Ne7+ Kh8
28. Nxc6 Rxb2 29. Nxe5 fxe5 30. Rab1 Rc2 31. Rbc1 Rxc1 32. Rxc1 Nc5 33. f3 Be6
34. Bxe6 Nxe6 35. Kg2 Nd4 36. Rf1 g5 37. Nd5 Rb8 38. a4 Kg7 39. f4 gxf4 40.
gxf4 Rb2+ 41. Rf2 Rxf2+ 42. Kxf2 exf4 43. Nxf4 Nb3 44. Nd3 Kf6 45. Ke3 Kg5 46.
Nb4 Kf6 47. Nc6 a6 48. e5+ Kf7 49. a5 Ke8 50. Ke4 Nd2+ 51. Kd5 h5 52. e6 h4 53.
h3 Nb3 54. Kd6 Nd2 55. Kc7 Nf3 56. Kb7 Ng5 57. Kxa6 Nxe6 58. Kb6 Kd7 59. a6 Nc7
60. a7 1-0

[Event "4NCL/Div1/NWE1 vs. BAR2"]
[Site "Sunningdale ENG"]
[Date "2008.05.05"]
[Round "11.6"]
[White "Taylor, Peter"]
[Black "Redmond, John"]
[Result "1-0"]
[WhiteElo "2237"]
[BlackElo "2205"]
[PlyCount "65"]
[EventDate "2008.05.05"]
[EventCountry "ENG"]
[SourceDate "2007.09.15"]

1. Nf3 b6 2. g3 Bb7 3. Bg2 g6 4. d4 Bg7 5. O-O f5 6. c4 Nf6 7. Nc3 O-O 8. d5
Na6 9. Nd4 Nc5 10. b4 e5 11. Ndb5 Na6 12. Qb3 Kh8 13. Ba3 e4 14. Rad1 Ng4 15.
h3 Ne5 16. Bc1 g5 17. f3 exf3 18. exf3 f4 19. g4 Qf6 20. Nd4 Qg6 21. Ne4 Rae8
22. Bb2 Bc8 23. c5 c6 24. Nf5 Rxf5 25. gxf5 Qxf5 26. Nd6 Qg6 27. Nxe8 Qxe8 28.
Rfe1 bxc5 29. dxc6 Nxb4 30. cxd7 Bxd7 31. Rxd7 Nxf3+ 32. Qxf3 Qxe1+ 33. Bf1 1-0

[Event "4NCL/Div1/NWE1 vs. BAR2"]
[Site "Sunningdale ENG"]
[Date "2008.05.05"]
[Round "11.7"]
[White "Hulmes, David I"]
[Black "Coleman, David"]
[Result "0-1"]
[WhiteElo "2203"]
[BlackElo "2203"]
[PlyCount "50"]
[EventDate "2008.05.05"]
[EventCountry "ENG"]
[SourceDate "2007.09.15"]

1. e4 c5 2. Nf3 d6 3. d4 cxd4 4. Nxd4 Nf6 5. Nc3 a6 6. Bc4 e6 7. Bb3 b5 8. f3
Be7 9. Be3 Bd7 10. Qd2 Nc6 11. g4 O-O 12. O-O-O Nxd4 13. Bxd4 Bc6 14. Bxf6 Bxf6
15. Qxd6 Qb6 16. Rd3 Rfd8 17. Qf4 a5 18. Rxd8+ Rxd8 19. a3 a4 20. Ba2 b4 21.
axb4 Qxb4 22. Qc7 a3 23. Bb3 axb2+ 24. Kb1 Qxc3 25. e5 Ra8 0-1

[Event "4NCL/Div1/NWE1 vs. BAR2"]
[Site "Sunningdale ENG"]
[Date "2008.05.05"]
[Round "11.8"]
[White "Regan, Natasha"]
[Black "Grigoryan-Lyell, Meri"]
[Result "1-0"]
[WhiteElo "2192"]
[BlackElo "2058"]
[PlyCount "65"]
[EventDate "2008.05.05"]
[EventCountry "ENG"]
[SourceDate "2007.09.15"]

1. e4 c6 2. d4 d5 3. exd5 cxd5 4. c4 Nf6 5. Nc3 g6 6. cxd5 Nxd5 7. Bc4 Nxc3 8.
bxc3 Bg7 9. Nf3 O-O 10. O-O Qc7 11. Bb3 Qxc3 12. Bd2 Qd3 13. Bc2 Qa6 14. Re1
Nc6 15. d5 Nd4 16. Nxd4 Bxd4 17. Rb1 Qf6 18. Qe2 e5 19. Be4 Bg4 20. Qf1 Rab8
21. Rb3 Qh4 22. h3 Bd7 23. Bb4 Rfd8 24. Bf3 Rbc8 25. Re4 Qg5 26. Qe2 Ba4 27.
Bd2 Qf6 28. Rxb7 Rxd5 29. Rf4 exf4 30. Bxd5 f3 31. Qe4 Re8 32. Rxf7 Qxf7 33.
Bxf7+ 1-0

[Event "4NCL/Div1/AD vs. WGR"]
[Site "Sunningdale ENG"]
[Date "2008.05.05"]
[Round "11.2"]
[White "Martin, Andrew D"]
[Black "Davies, Nigel R"]
[Result "1/2-1/2"]
[WhiteElo "2426"]
[BlackElo "2477"]
[PlyCount "24"]
[EventDate "2008.05.05"]
[EventCountry "ENG"]
[SourceDate "2007.09.15"]

1. Nf3 Nf6 2. g3 d5 3. Bg2 c6 4. O-O Bg4 5. d3 Nbd7 6. h3 Bh5 7. Nbd2 e5 8. e4
dxe4 9. dxe4 Be7 10. Qe1 O-O 11. a4 Re8 12. Nc4 Qc7 1/2-1/2

[Event "4NCL/Div1/AD vs. WGR"]
[Site "Sunningdale ENG"]
[Date "2008.05.05"]
[Round "11.4"]
[White "Sowray, Peter J"]
[Black "Jirka, Jiri"]
[Result "1/2-1/2"]
[WhiteElo "2335"]
[BlackElo "2400"]
[PlyCount "131"]
[EventDate "2008.05.05"]
[EventCountry "ENG"]
[SourceDate "2007.09.15"]

1. e4 e5 2. Bc4 Nf6 3. d3 Nc6 4. Nc3 Na5 5. Qf3 Nxc4 6. dxc4 d6 7. Nge2 Be7 8.
Ng3 O-O 9. O-O c6 10. Nf5 Bxf5 11. Qxf5 g6 12. Qf3 Nh5 13. Bh6 Ng7 14. Rad1 Qc8
15. Rd3 f5 16. Qh3 Rf7 17. Bxg7 Kxg7 18. Rfd1 Qe6 19. exf5 gxf5 20. Ne4 Rd8 21.
Qg3+ Kh8 22. Ng5 Bxg5 23. Qxg5 Rfd7 24. Qe3 f4 25. Qe1 Rg7 26. Qe4 Qg6 27. Re1
Rdg8 28. Qxg6 Rxg6 29. g3 b6 30. b4 Re8 31. Kf1 fxg3 32. hxg3 Ree6 33. c5 bxc5
34. bxc5 d5 35. Ra3 Re7 36. Ree3 Kg7 37. Ra6 Kf7 38. Rea3 Rg4 39. Rxc6 Rc4 40.
c3 d4 41. cxd4 Rxd4 42. Rca6 Rdd7 43. Ke2 Rc7 44. R3a5 Rcd7 45. Ke3 Rb7 46. f3
Rbd7 47. g4 Rb7 48. c6 Rbc7 49. Ke4 Kf6 50. g5+ Kxg5 51. Rxe5+ Kf6 52. Rxe7
Kxe7 53. Kd5 Kd8 54. f4 h5 55. Ra3 Rh7 56. f5 h4 57. Ke6 Rh6+ 58. f6 h3 59.
Rd3+ Kc7 60. Rd1 h2 61. Rh1 Kxc6 62. Ke7 Rh3 63. f7 Re3+ 64. Kf8 Rh3 65. Ke7
Re3+ 66. Kf8 1/2-1/2

[Event "4NCL/Div1/AD vs. WGR"]
[Site "Sunningdale ENG"]
[Date "2008.05.05"]
[Round "11.6"]
[White "Pokorna, Regina"]
[Black "Snape, Ian"]
[Result "1/2-1/2"]
[WhiteElo "2352"]
[BlackElo "2212"]
[PlyCount "73"]
[EventDate "2008.05.05"]
[EventCountry "ENG"]
[SourceDate "2007.09.15"]

1. e4 c5 2. Nf3 d6 3. d4 cxd4 4. Nxd4 Nf6 5. Nc3 g6 6. Bc4 Bg7 7. O-O O-O 8.
Bb3 Nc6 9. Re1 Bd7 10. Bg5 h6 11. Bh4 Nxd4 12. Qxd4 g5 13. Bg3 Nh5 14. Qe3 Nxg3
15. Qxg3 Be5 16. Qd3 e6 17. Nd1 Qf6 18. c3 Bc6 19. Bc2 Kg7 20. Ne3 h5 21. a4
Rh8 22. Nc4 g4 23. Nxe5 dxe5 24. Qe3 Qf4 25. Rad1 Rad8 26. b4 b6 27. Qe2 h4 28.
b5 Ba8 29. Rd3 Rc8 30. g3 hxg3 31. fxg3 Qg5 32. Bd1 Rc4 33. Re3 Rhc8 34. Qb2
Rd8 35. Qe2 Rdc8 36. Qb2 Rd8 37. Qe2 1/2-1/2

[Event "4NCL/Div1/AD vs. WGR"]
[Site "Sunningdale ENG"]
[Date "2008.05.05"]
[Round "11.8"]
[White "Lee, Graham D"]
[Black "Bellin, Jana"]
[Result "1/2-1/2"]
[WhiteElo "2282"]
[BlackElo "2170"]
[PlyCount "58"]
[EventDate "2008.05.05"]
[EventCountry "ENG"]
[SourceDate "2007.09.15"]

1. e4 c5 2. c3 d5 3. exd5 Qxd5 4. d4 Nc6 5. Nf3 Bg4 6. Be2 cxd4 7. cxd4 e6 8.
O-O Nf6 9. Nc3 Qa5 10. h3 Bh5 11. Qb3 Qb4 12. Nb5 Rc8 13. Qxb4 Bxb4 14. a3 Be7
15. g4 Bg6 16. Bf4 Nd5 17. Bg3 Kd7 18. Rac1 a6 19. Nc3 Nxc3 20. Rxc3 Be4 21.
Rfc1 f6 22. Kf1 Bd6 23. Bxd6 Kxd6 24. Nd2 Bd5 25. Bd3 h5 26. Ne4+ Ke7 27. g5
fxg5 28. Nxg5 Rhf8 29. Be2 Rf5 1/2-1/2

[Event "4NCL/Div1/BET vs. RIC"]
[Site "Sunningdale ENG"]
[Date "2008.05.05"]
[Round "11.1"]
[White "Hunt, Adam C"]
[Black "Gormally, Daniel W"]
[Result "1/2-1/2"]
[WhiteElo "2453"]
[BlackElo "2508"]
[PlyCount "33"]
[EventDate "2008.05.05"]
[EventCountry "ENG"]
[SourceDate "2007.09.15"]

1. e4 e6 2. d4 d5 3. Nc3 dxe4 4. Nxe4 Bd7 5. Nf3 Bc6 6. Bd3 Nd7 7. O-O Ngf6 8.
Qe2 Bxe4 9. Bxe4 c6 10. Bd3 Be7 11. Bf4 O-O 12. c3 Re8 13. Rfe1 Nf8 14. Ne5
N6d7 15. Rad1 Nxe5 16. Bxe5 Bd6 17. Bxd6 1/2-1/2

[Event "4NCL/Div1/BET vs. RIC"]
[Site "Sunningdale ENG"]
[Date "2008.05.05"]
[Round "11.2"]
[White "Bates, Richard A"]
[Black "Hunt, Harriet"]
[Result "1/2-1/2"]
[WhiteElo "2382"]
[BlackElo "2454"]
[PlyCount "37"]
[EventDate "2008.05.05"]
[EventCountry "ENG"]
[SourceDate "2007.09.15"]

1. d4 Nf6 2. Nf3 e6 3. c4 b6 4. g3 Ba6 5. b3 b5 6. cxb5 Bxb5 7. Bg2 d5 8. O-O
Nbd7 9. Nc3 Ba6 10. a3 Bd6 11. b4 O-O 12. Qc2 c6 13. Rd1 Bb5 14. e4 dxe4 15.
Nxe4 Nxe4 16. Qxe4 Ba4 17. Bg5 Qb6 18. Rdc1 h6 19. Bxh6 1/2-1/2

[Event "4NCL/Div1/BET vs. RIC"]
[Site "Sunningdale ENG"]
[Date "2008.05.05"]
[Round "11.3"]
[White "Ledger, Andrew J"]
[Black "Hinks-Edwards, Thomas"]
[Result "1-0"]
[WhiteElo "2421"]
[BlackElo "2375"]
[PlyCount "83"]
[EventDate "2008.05.05"]
[EventCountry "ENG"]
[SourceDate "2007.09.15"]

1. Nf3 Nf6 2. c4 b6 3. d4 e6 4. e3 Bb7 5. Bd3 d5 6. cxd5 exd5 7. Nc3 a6 8. O-O
Bd6 9. b3 Nbd7 10. Bb2 O-O 11. Rc1 Qe7 12. Ne2 Ne4 13. Rc2 f5 14. Qa1 c5 15.
Ng3 Rae8 16. Re1 Bb8 17. Qd1 Qf7 18. Nh4 Qe6 19. Qh5 g6 20. Qe2 b5 21. dxc5
Ndxc5 22. Nf3 Qe7 23. Qd1 Ne6 24. Ne2 f4 25. Nxf4 Nxf4 26. exf4 Rxf4 27. Be2
Ba7 28. Bd4 Bb8 29. g3 Rf7 30. Bf1 Ref8 31. Bg2 Qd8 32. h4 Rf5 33. Rf1 Qd6 34.
Nh2 Nxg3 35. Ng4 h5 36. fxg3 Qxg3 37. Rxf5 gxf5 38. Nf2 Qh2+ 39. Kf1 Rf7 40.
Qxh5 Be5 41. Qg6+ Rg7 42. Bxd5+ 1-0

[Event "4NCL/Div1/BET vs. RIC"]
[Site "Sunningdale ENG"]
[Date "2008.05.05"]
[Round "11.4"]
[White "Wall, Gavin"]
[Black "Ortmann, David"]
[Result "1/2-1/2"]
[WhiteElo "2308"]
[BlackElo "2307"]
[PlyCount "79"]
[EventDate "2008.05.05"]
[EventCountry "ENG"]
[SourceDate "2007.09.15"]

1. e4 e6 2. d4 d5 3. e5 c5 4. c3 Nc6 5. Nf3 Bd7 6. dxc5 Bxc5 7. b4 Bb6 8. Bd3
Bc7 9. Qe2 Qb8 10. Bf4 f6 11. exf6 Nxf6 12. Bxc7 Qxc7 13. b5 Na5 14. Ne5 Rc8
15. O-O O-O 16. Nd2 Be8 17. Rac1 Kh8 18. Qe3 Ne4 19. Nxe4 Qxe5 20. f4 Qh5 21.
Ng5 Bg6 22. Bxg6 Qxg6 23. Nxe6 Rf6 24. Qxa7 Qd3 25. Nd4 Rxf4 26. Qxa5 Rxd4 27.
Rf3 Qd2 28. Rcf1 h6 29. Qb6 Rxc3 30. Rxc3 Qxc3 31. Qxb7 Qe3+ 32. Kh1 Rd2 33.
Qc8+ Kh7 34. Qf5+ Kh8 35. Qb1 Qe4 36. Qxe4 dxe4 37. Ra1 e3 38. Kg1 e2 39. Re1
Rxa2 40. Kf2 1/2-1/2

[Event "4NCL/Div1/BET vs. RIC"]
[Site "Sunningdale ENG"]
[Date "2008.05.05"]
[Round "11.5"]
[White "Eames, Robert G"]
[Black "Osborne, Marcus E"]
[Result "1-0"]
[WhiteElo "2315"]
[BlackElo "2270"]
[PlyCount "103"]
[EventDate "2008.05.05"]
[EventCountry "ENG"]
[SourceDate "2007.09.15"]

1. d4 Nf6 2. c4 e6 3. Nc3 Bb4 4. Qc2 O-O 5. a3 Bxc3+ 6. Qxc3 d6 7. g3 e5 8.
dxe5 dxe5 9. Bg2 Qe7 10. b4 Nc6 11. b5 Nd4 12. Nf3 Bg4 13. Ra2 Qc5 14. Be3 Rfd8
15. Qb4 Qxb4+ 16. axb4 a5 17. Bxd4 exd4 18. bxa5 d3 19. e3 Ne4 20. Nd2 Nc5 21.
O-O Ra7 22. Rfa1 Be6 23. Ra3 f5 24. h4 Bf7 25. Kf1 Ne4 26. Bxe4 fxe4 27. Ke1
Re8 28. a6 Kf8 29. axb7 Rxb7 30. Ra7 Rxa7 31. Rxa7 Bg6 32. Nb3 Rc8 33. Nd4 Bf7
34. c5 Bd5 35. Kd2 Ke8 36. Kc3 Kd8 37. h5 Rb8 38. g4 h6 39. Kb4 d2 40. Ra1 Ra8
41. Rd1 Ra2 42. Kc3 Ke7 43. Rxd2 Rxd2 44. Kxd2 Kf6 45. Ne2 Ke5 46. Nf4 Bb7 47.
Kc3 Bc8 48. b6 cxb6 49. cxb6 Kd6 50. Kd4 Bxg4 51. Kxe4 Kc6 52. f3 1-0

[Event "4NCL/Div1/BET vs. RIC"]
[Site "Sunningdale ENG"]
[Date "2008.05.05"]
[Round "11.6"]
[White "Franklin, Michael J"]
[Black "Ledger, David J"]
[Result "0-1"]
[WhiteElo "2242"]
[BlackElo "2273"]
[PlyCount "118"]
[EventDate "2008.05.05"]
[EventCountry "ENG"]
[SourceDate "2007.09.15"]

1. d4 Nf6 2. Nf3 g6 3. Bf4 Bg7 4. e3 O-O 5. Nbd2 d6 6. h3 Nfd7 7. Bc4 e5 8. Bg5
Qe8 9. c3 h6 10. Bh4 Nc6 11. O-O Kh8 12. Nh2 g5 13. Bg3 f5 14. Re1 Qg6 15. Bd3
Qf7 16. dxe5 dxe5 17. Bc4 Qg6 18. Bd3 Nc5 19. Bc2 a5 20. Nhf1 b6 21. Nb3 Rd8
22. Qb1 Nb7 23. f3 Nd6 24. Nbd2 Rf8 25. Bd3 Nb7 26. Qc2 Nc5 27. Be2 a4 28. b4
Nb7 29. a3 Nd6 30. Rad1 Be6 31. c4 Nb7 32. Nb1 Qf7 33. Nfd2 f4 34. Bf2 fxe3 35.
Bxe3 Nd6 36. g4 Nd4 37. Bxd4 exd4 38. Bd3 b5 39. cxb5 Bb3 40. Nxb3 axb3 41. Qg2
Qxf3 42. Qxf3 Rxf3 43. Kg2 Re3 44. Rxe3 dxe3 45. Rc1 Rf8 46. Rf1 Re8 47. a4 Ne4
48. Re1 Nf2 49. Bf5 Bd4 50. Re2 Re5 51. Na3 Nd1 52. Nc4 Re8 53. Na5 Nc3 54. Re1
b2 55. Nb3 Ba7 56. Nc5 e2 57. Kf3 Rf8 58. Ke3 Rxf5 59. gxf5 Nd1+ 0-1

[Event "4NCL/Div1/BET vs. RIC"]
[Site "Sunningdale ENG"]
[Date "2008.05.05"]
[Round "11.7"]
[White "Ledger, Stephen C"]
[Black "Meyer, Gordon"]
[Result "0-1"]
[WhiteElo "2148"]
[BlackElo "2153"]
[PlyCount "138"]
[EventDate "2008.05.05"]
[EventCountry "ENG"]
[SourceDate "2007.09.15"]

1. d4 Nf6 2. Nf3 g6 3. Bf4 Bg7 4. e3 O-O 5. h3 d6 6. Be2 c5 7. c3 b6 8. Nbd2
Bb7 9. O-O Nbd7 10. a4 cxd4 11. exd4 Nd5 12. Bh2 Bh6 13. Re1 Nf4 14. Bf1 Re8
15. Ne4 Nf8 16. Neg5 e5 17. Bxf4 exf4 18. Rxe8 Qxe8 19. Bc4 d5 20. Bb5 Qe7 21.
h4 f6 22. Nh3 Rd8 23. Qd2 Bc8 24. Re1 Qd6 25. Kh2 Ne6 26. Qe2 Kf8 27. Ba6 Bd7
28. Bb5 Nc7 29. Bxd7 Qxd7 30. Qc2 Ne8 31. Qd2 Qc7 32. Kh1 Ng7 33. g3 fxg3 34.
Qxh6 gxf2 35. Nxf2 Qg3 36. Qxh7 Qxf3+ 37. Kg1 Qg3+ 38. Kf1 Kf7 39. Qh6 Qc7 40.
Re2 Qc4 41. Ke1 Qxa4 42. Qf4 Nh5 43. Qf3 Qa1+ 44. Nd1 Qc1 45. Re3 Qc2 46. Re5
Qh2 47. Rxh5 Qg1+ 48. Kd2 gxh5 49. Qxh5+ Qg6 50. Qf3 Qe4 51. Qh5+ Ke6 52. Ne3
a5 53. Qe2 Qxh4 54. Qb5 Qh2+ 55. Kc1 Qc7 56. Qf1 Qh7 57. Qb5 Qh1+ 58. Kc2 Qh2+
59. Kb3 Qd6 60. Qf1 Kd7 61. Ng4 Kc6 62. Qxf6 Qxf6 63. Nxf6 b5 64. Ng4 Re8 65.
Nf2 Re3 66. Ka3 b4+ 67. Kb3 bxc3 68. bxc3 a4+ 69. Kxa4 Rxc3 0-1

[Event "4NCL/Div1/CAMB1 vs. SLOS1"]
[Site "Sunningdale ENG"]
[Date "2008.05.05"]
[Round "11.1"]
[White "Dearing, Eddie"]
[Black "Jones, Gawain C B"]
[Result "0-1"]
[WhiteElo "2383"]
[BlackElo "2522"]
[PlyCount "90"]
[EventDate "2008.05.05"]
[EventCountry "ENG"]
[SourceDate "2007.09.15"]

1. Nf3 Nf6 2. c4 g6 3. g3 Bg7 4. Bg2 O-O 5. d4 d6 6. Nc3 Nbd7 7. O-O e5 8. e4
a6 9. h3 b5 10. dxe5 dxe5 11. Be3 Bb7 12. Nd2 c6 13. Qc2 Qe7 14. a3 Rfc8 15.
Rfd1 a5 16. Rac1 b4 17. Na4 c5 18. Nb3 Bf8 19. Rd2 Qe6 20. Rcd1 Be7 21. g4 Qc6
22. Nc1 Nf8 23. f4 Ne6 24. fxe5 Ne8 25. Ne2 Rd8 26. Rd5 Qc7 27. Bf2 N8g7 28. b3
h5 29. axb4 axb4 30. Nb2 hxg4 31. hxg4 Ra2 32. Nc1 Ra1 33. Ncd3 Nd4 34. Bxd4
Rxd1+ 35. Nxd1 cxd4 36. c5 Ne6 37. N1b2 Bg5 38. Rxd8+ Qxd8 39. Nc4 Be3+ 40. Kf1
Ba6 41. Nxb4 Qa5 42. Nxa6 Qa1+ 43. Ke2 Qg1 44. Nxe3 dxe3 45. Kd3 e2 0-1

[Event "4NCL/Div1/CAMB1 vs. SLOS1"]
[Site "Sunningdale ENG"]
[Date "2008.05.05"]
[Round "11.2"]
[White "Jessel, Stephen"]
[Black "Moskovic, David M"]
[Result "1/2-1/2"]
[WhiteElo "2300"]
[BlackElo "2282"]
[PlyCount "63"]
[EventDate "2008.05.05"]
[EventCountry "ENG"]
[SourceDate "2007.09.15"]

1. e4 c5 2. Nf3 d6 3. d4 cxd4 4. Nxd4 Nf6 5. Nc3 a6 6. Be2 e5 7. Nb3 Be7 8. O-O
O-O 9. a4 Nc6 10. Bf3 Nb4 11. Re1 b6 12. Nd2 Bb7 13. Nc4 Rc8 14. b3 b5 15. axb5
axb5 16. Nxb5 Bxe4 17. Ncxd6 Bxf3 18. gxf3 Bxd6 19. Nxd6 Nxc2 20. Nxc8 Nxe1 21.
Qxe1 Qxc8 22. Qe2 Re8 23. Bg5 Nh5 24. Re1 h6 25. Bd2 Re6 26. b4 Qc2 27. Kh1 Nf6
28. Be3 Qc6 29. b5 Qb7 30. Rb1 e4 31. f4 Nd5 32. Qc4 1/2-1/2

[Event "4NCL/Div1/CAMB1 vs. SLOS1"]
[Site "Sunningdale ENG"]
[Date "2008.05.05"]
[Round "11.3"]
[White "Eckersley-Waites, Adam"]
[Black "Rendle, Thomas E"]
[Result "1/2-1/2"]
[WhiteElo "2197"]
[BlackElo "2366"]
[PlyCount "38"]
[EventDate "2008.05.05"]
[EventCountry "ENG"]
[SourceDate "2007.09.15"]

1. e4 e6 2. d4 d5 3. Nc3 dxe4 4. Nxe4 Bd7 5. Nf3 Bc6 6. Bd3 Nd7 7. O-O Ngf6 8.
Ng3 Be7 9. Qe2 Bxf3 10. Qxf3 c6 11. b3 O-O 12. Bb2 Qa5 13. c4 b5 14. d5 cxd5
15. cxd5 Nxd5 16. Bxh7+ Kxh7 17. Qh5+ Kg8 18. Bxg7 Kxg7 19. Qg4+ Kh8 1/2-1/2

[Event "4NCL/Div1/CAMB1 vs. SLOS1"]
[Site "Sunningdale ENG"]
[Date "2008.05.05"]
[Round "11.4"]
[White "Linford, Charles (reserve)"]
[Black "Churm, Rohan M"]
[Result "1/2-1/2"]
[WhiteElo "2129"]
[BlackElo "2196"]
[PlyCount "146"]
[EventDate "2008.05.05"]
[EventCountry "ENG"]
[SourceDate "2007.09.15"]

1. e4 e6 2. d4 d5 3. Nd2 Nf6 4. e5 Nfd7 5. Bd3 c5 6. c3 Nc6 7. Ne2 Qb6 8. Nf3
cxd4 9. cxd4 f6 10. exf6 Nxf6 11. O-O Bd6 12. b3 O-O 13. Bf4 Bxf4 14. Nxf4 Nxd4
15. Nxd4 e5 16. Nfe2 exd4 17. Nxd4 Ng4 18. h3 Nxf2 19. Qh5 Nxd3 20. Rxf8+ Kxf8
21. Rf1+ Ke7 22. Qe2+ Be6 23. Qxd3 Rf8 24. Re1 Rf6 25. Kh1 h6 26. Nf3 Qf2 27.
Re2 Qf1+ 28. Kh2 Kf8 29. Qe3 Kg8 30. Rf2 Qa6 31. Rc2 Bf5 32. Rc7 Be4 33. Rc8+
Kh7 34. Nd2 Qd3 35. Rc3 Qxe3 36. Rxe3 Bg6 37. Nf3 Ra6 38. a4 Rb6 39. Re7 Rb4
40. g4 Bc2 41. Nh4 Rxb3 42. Nf5 Bxf5 43. gxf5 Kg8 44. Rd7 Rb4 45. Rxd5 Rxa4 46.
Rd8+ Kf7 47. Rd7+ Kf6 48. Rxb7 a5 49. Ra7 Ra3 50. h4 h5 51. Kg2 a4 52. Ra5 Ra1
53. Kh2 a3 54. Kg2 a2 55. Kh2 Ke7 56. Kg2 Kd6 57. Kh2 Kc6 58. Kg2 Kb6 59. Ra8
Kc5 60. Kh2 Kd4 61. Kg2 Ke4 62. Ra4+ Kxf5 63. Ra5+ Ke4 64. Ra8 Ke3 65. Re8+ Kf4
66. Ra8 Re1 67. Rxa2 Re4 68. Ra5 Re2+ 69. Kh3 Re3+ 70. Kg2 Rg3+ 71. Kh2 Rg6 72.
Rxh5 Kg4 73. Rh7 Rh6 1/2-1/2